La evolución del universo (Record no. 113591)
[ view plain ]
| 000 -LEADER | |
|---|---|
| campo de control de longitud fija | 01232nam a2200289 i 4500 |
| 001 - NÚMERO DE CONTROL | |
| campo de control | 113591 |
| 003 - IDENTIFICADOR DE NÚMERO DE CONTROL | |
| campo de control | ES-MaACL |
| 005 - FECHA Y HORA DE LA ÚLTIMA TRANSACCIÓN | |
| campo de control | 20250717045850.0 |
| 007 - CAMPO FIJO DE DESCRIPCIÓN FÍSICA--INFORMACIÓN GENERAL | |
| campo de control de longitud fija | t| |
| 008 - DATOS DE LONGITUD FIJA--INFORMACIÓN GENERAL | |
| campo de control de longitud fija | 061121s1927 sp r ||||1| spa d |
| 080 ## - NÚMERO DE LA CLASIFICACIÓN DECIMAL UNIVERSAL | |
| Número de la Clasificación Decimal Universal | 524.8 |
| 100 1# - ENTRADA PRINCIPAL--NOMBRE DE PERSONA | |
| Nombre de persona | Nölke, Friedrich. |
| 9 (RLIN) | 185736 |
| 245 13 - MENCIÓN DEL TÍTULO | |
| Título | La evolución del universo |
| Resto del título | : problemas e hipótesis cosmogónicos / |
| Mención de responsabilidad, etc. | Friedrich Noelke ; traducción del alemán por J. Cabrera. |
| 260 ## - PUBLICACIÓN, DISTRIBUCIÓN, ETC. | |
| Lugar de publicación, distribución, etc. | Madrid : |
| Nombre del editor, distribuidor, etc. | Revista de Occidente, |
| Fecha de publicación, distribución, etc. | [1927] |
| 300 ## - DESCRIPCIÓN FÍSICA | |
| Extensión | 172, [2] p. de lám. : |
| Otras características físicas | il. ; |
| Dimensiones | 23 cm. |
| 490 1# - MENCIÓN DE SERIE | |
| Mención de serie | Nuevos hechos, nuevas ideas ; |
| Designación de volumen o secuencia | 21 |
| 510 ## - NOTA DE CITAS O REFERENCIAS BIBLIOGRÁFICAS | |
| Nombre de la fuente | CCPB, |
| Localización dentro de la fuente | 000973287-X |
| 650 07 - PUNTO DE ACCESO ADICIONAL DE MATERIA--TÉRMINO DE MATERIA | |
| Término de materia o nombre geográfico como elemento de entrada | Cosmogonía |
| Fuente del encabezamiento o término | embne |
| 9 (RLIN) | 11387 |
| 700 1# - ENTRADA AGREGADA--NOMBRE PERSONAL | |
| Nombre de persona | Cabrera, J. |
| 9 (RLIN) | 33284 |
| 830 1# - PUNTO DE ACCESO ADICIONAL DE SERIE-TÍTULO UNIFORME | |
| Título uniforme | Nuevos hechos, nuevas ideas ; |
| Designación de volumen o secuencia | 21 |
| 9 (RLIN) | 184426 |
| 852 ## - LOCALIZACIÓN | |
| Ubicación | ES-MaACL |
| Número de control de estantería | D-6539 |
| itemnumber | 117866 |
| Sublocalización o colección | R.30683 |
| -- | R.M.6130 |
| Ubicación en estantería | Sala Valle Inclán |
| Marcas de propiedad | Sello en tinta azul de la Biblioteca del Ateneo de Madrid |
| -- | Sello en tinta azul de la librería Enrique Prieto, Preciados, 48-Madrid |
| Nota libre | En cubierta: "12.MAR.1951" |
| 852 ## - LOCALIZACIÓN | |
| Ubicación | ES-MaACL |
| Número de control de estantería | E-14972 |
| Encuadernación | Olim P-209 |
| 942 ## - ELEMENTOS DE ENTRADA SECUNDARIOS (KOHA) | |
| Fuente del sistema de clasificación o colocación | Clasificación decimal universal |
| Tipo de ítem Koha | Libro impreso |
| Estatus retirado | Estado de pérdida | Estado de daño | No para préstamo | Biblioteca de origen | Biblioteca actual | Ubicación en estantería | Fecha de adquisición | Fuente de adquisición | Total de préstamos | Signatura topográfica completa | Código de barras | Visto por última vez | Precio de reemplazo | Tipo de ítem Koha |
|---|---|---|---|---|---|---|---|---|---|---|---|---|---|---|
| Biblioteca del Ateneo de Madrid | Biblioteca del Ateneo de Madrid | Depósito 2 | 20/04/2011 | E-14972 | 1186749 | 23/02/2023 | 23/02/2023 | Libro impreso | ||||||
| Biblioteca del Ateneo de Madrid | Biblioteca del Ateneo de Madrid | Sala Valle Inclán | 17/01/2008 | D-6539 | 901118468 | 23/02/2023 | 23/02/2023 | Libro impreso |
